Responses for Show #7953 - Wednesday, March 20, 2019

Lindsey Shultz game 5.

Contestants

[<< previous game]

Karen Locascio, an enrollment specialist from Dorchester, Massachusetts

Jonathan Lindeen, a senior finance manager from Denver, Colorado

Lindsey Shultz, a physician and healthcare analyst from Pittsburgh, Pennsylvania (whose 4-day cash winnings total $101,002)

[next game >>]

Jeopardy! Round responses

BEFORE HE WAS VICE PRESIDENT...
SHOPPING ABBREV.
SPRING MEDLEY
LYRICALLY INACCURATE
"R.R."
BEHIND BARS
    $200 1
Joe Biden

Lindsey
    $200 24
Abercrombie & Fitch

Lindsey
    $200 4
winter

Jonathan
    $200 19
Fleetwood Mac

Karen
    $200 7
red rover

Lindsey
    $200 14
swizzle

Jonathan
    $400 2
(John) Adams

Jonathan
    $400 25
Louis Vuitton

Lindsey
    $400 12
(Jonathan: What is a spring swing?)

a spring fling

JonathanKaren
    $400 20
U2

Jonathan
    $400 8
road rage

Karen
    $400 15
rum

Karen
    $600 3
(Dan) Quayle

Karen
    $600 26
Neiman Marcus

Karen
    $600 13
spring break

Lindsey
    $600 21
CCC (or trecenti)

Jonathan
    $600 9
a rec room

Lindsey
    $600 16
Jagermeister

Jonathan
    $600 5
(Hubert) Humphrey

Jonathan
    $800 27
American Eagle

Karen
    $800 29
a "Thaw"

Lindsey
    $800 22
"Don't Stop Believing"

Jonathan
    $800 10
a roller rink

Karen
    $800 17
Angostura

Triple Stumper
    $1000 6
Rockefeller

Lindsey
    $1000 28
(Lindsey: What is Bloomingdale's?)

Bergdorf Goodman

LindseyKaren
    $1000 30
an agapanthus

Triple Stumper
    $1000 23
"Only The Good Die Young"

Lindsey
    $1000 11
the return receipt

Triple Stumper
    $1000 18
the well

Karen

Scores at the first commercial break (after clue 15):

Lindsey Jonathan Karen
$2,600 $1,000 $2,600

Scores at the end of the Jeopardy! Round:

Lindsey Jonathan Karen
$4,000 $3,400 $6,200

Double Jeopardy! Round responses

NAMES FOR YOUR DOG
SCI-FI SUBGENRES
"M"OUNTAINS
ARTISTS ON FILM
BEFORE & AFTER
BEHIND BARS
    $400 1
Bean

Karen
    $400 13
(Jules) Verne

Jonathan
    $400 3
Mauna

Karen
    $400 9
Diego Rivera

Lindsey
    $400 21
(Jonathan: What is Union Jack?)

Union Jack cheese

Jonathan
Triple Stumper
    $400 26
the Tower of London

Lindsey
    $800 2
Jacques

Lindsey
    $800 14
the 19th

Lindsey
    $800 4
Monarch

Jonathan
    $800 6
(Salvador) DalĂ­

Jonathan
    $800 22
Bruno Mars rover

Jonathan
    $800 27
Freedom

Jonathan
    $1200 18
Bronson

Jonathan
    $1200 15
climate fiction

Lindsey
    $1200 5
Monroe and Madison

Lindsey
    $1,400 10
(Alex: Lindsey?)
(Lindsey: I do not know.)
(Alex: What is [*]? Place made famous by Toulouse-Lautrec.)

Moulin Rouge!

Lindsey
    $1200 23
LeBron James Lipton

Jonathan
    $1200 28
Orange is the New Black

Karen
    $1600 19
Sheba

Karen
    $1600 16
cyber(punk)

Jonathan
    $2,000 7
the Matterhorn

Jonathan
    $1600 11
(Karen: What is Vincent?)
(Jonathan: What is My Left Ear?)

Lust for Life

JonathanKaren
Triple Stumper
    $1600 24
mattress pad thai

Triple Stumper
    $1600 29
Jefferson Davis

Lindsey
    $2000 20
Lady

Lindsey
    $2000 17
first contact

Triple Stumper
    $2000 8
(John) Muir

Lindsey
    $2000 12
(Lindsey: What is Vincent?)

At Eternity's Gate

Lindsey
Triple Stumper
    $2000 25
Ringling Brothers Karamazov

Jonathan
    $2000 30
Nigeria

Triple Stumper

Scores at the end of the Double Jeopardy! Round:

Lindsey Jonathan Karen
$11,000 $13,000 $8,200

[wagering suggestions for these scores]

Final Jeopardy! Round responses

ROYAL HOUSES
KarenWhat is York?
$8,200
LindseyWhat is tudor?
$10,995
JonathanWhat is Stuart?
$9,001
Stuart

Final scores:

Lindsey Jonathan Karen
$5 $22,001 $0
2nd place: $2,000 New champion: $22,001 3rd place: $1,000

Game dynamics:

Coryat scores:

Lindsey Jonathan Karen
$12,400 $12,800 $8,200
18 R,
3 W
(including 1 DD)
18 R
(including 2 DDs),
3 W
14 R,
1 W

Combined Coryat: $33,400

[game clues] [game scores] [suggest correction]

Game tape date: 2019-01-30
The J! Archive is created by fans, for fans. Scraping, republication, monetization, and malicious use prohibited; this site may use cookies and collect identifying information. See terms. The Jeopardy! game show and all elements thereof, including but not limited to copyright and trademark thereto, are the property of Jeopardy Productions, Inc. and are protected under law. This website is not affiliated with, sponsored by, or operated by Jeopardy Productions, Inc. Join the discussion at JBoard.tv.